| 000 | 00724cam a2200277 4500 | ||
|---|---|---|---|
| 008 | 090401t1995 xxu||||| |||| 00| 0 eng d | ||
| 020 | _a0854067272 | ||
| 035 | _a(Sirsi) u63397 | ||
| 041 | _aeng | ||
| 050 | _a330.91724 | ||
| 100 | _aSimon, David | ||
| 245 | _aLand, environment and development in post independence Namibia. | ||
| 260 |
_aLondon _bRICS _c1995 |
||
| 300 | _a24p. ; 30cm. | ||
| 350 | _a0 | ||
| 520 | _aNot yet published. | ||
| 650 | _aDEVELOPMENT | ||
| 650 |
_aEnvironment _96238 |
||
| 650 | _aLAND REFORM | ||
| 650 | _aLAND | ||
| 650 | _aNAMIBIA | ||
| 690 | _aOVERSEAS-REST OF THE WORLD | ||
| 710 |
_aRoyal Institution of Chartered Surveyors _94900 |
||
| 942 | _n0 | ||
| 948 | _c04/03/1997 | ||
| 999 |
_c94550 _d94550 |
||